International relations / (Record no. 18820)
[ view plain ]
| 000 -LEADER | |
|---|---|
| fixed length control field | 01284cam a2200289 i 4500 |
| 001 - CONTROL NUMBER | |
| control field | 17765282 |
| 005 - DATE AND TIME OF LATEST TRANSACTION | |
| control field | 20141223150612.0 |
| 008 - FIXED-LENGTH DATA ELEMENTS--GENERAL INFORMATION | |
| fixed length control field | 130605t2014 xxua frd 001 0 eng d |
| 010 ## - LIBRARY OF CONGRESS CONTROL NUMBER | |
| LC control number | 2013942293 |
| 020 ## - INTERNATIONAL STANDARD BOOK NUMBER | |
| International Standard Book Number | 9780205971367 (paperback) |
| 020 ## - INTERNATIONAL STANDARD BOOK NUMBER | |
| International Standard Book Number | 0205971369 (paperback) |
| 040 ## - CATALOGING SOURCE | |
| Original cataloging agency | DLC |
| Language of cataloging | eng |
| Transcribing agency | DLC |
| Modifying agency | EG-ScBUE |
| 082 00 - DEWEY DECIMAL CLASSIFICATION NUMBER | |
| Edition number | 22 |
| Classification number | 327 |
| Item number | GOL |
| 100 1# - MAIN ENTRY--PERSONAL NAME | |
| Personal name | Goldstein, Joshua S., |
| Dates associated with a name | 1952- |
| 9 (RLIN) | 37037 |
| 245 10 - TITLE STATEMENT | |
| Title | International relations / |
| Statement of responsibility, etc | Joshua S. Goldstein, Jon C. Pevehouse. |
| 250 ## - EDITION STATEMENT | |
| Edition statement | 10th ed., |
| Remainder of edition statement | 2013-2014 update ed. |
| 260 ## - PUBLICATION, DISTRIBUTION, ETC. (IMPRINT) | |
| Place of publication, distribution, etc | Boston, United States : |
| Name of publisher, distributor, etc | Pearson, |
| Date of publication, distribution, etc | c.2014. |
| 300 ## - PHYSICAL DESCRIPTION | |
| Extent | xxx, 568 p. : |
| Other physical details | ill. (col.) ; |
| Dimensions | 26 cm. |
| 500 ## - GENERAL NOTE | |
| General note | Glossary : p. 501-515. |
| 500 ## - GENERAL NOTE | |
| General note | Includes indexes. |
| 505 2# - FORMATTED CONTENTS NOTE | |
| Formatted contents note | The globalization of international relations-Realist theories-Liberal and social theories-Foreign policy-International conflict-Military force and terrorism-International organization, law, and human rights-International trade-Global finance and business-International integration-Environment and population-The North-South gap-International development-Postscript. |
| 650 #0 - SUBJECT ADDED ENTRY--TOPICAL TERM | |
| Topical term or geographic name as entry element | International relations |
| Form subdivision | Textbooks |
| 9 (RLIN) | 8194 |
| 653 ## - INDEX TERM--UNCONTROLLED | |
| Resource For college | BAEPS, Political Science |
| Arrived date list | December2014 |
| 655 ## - INDEX TERM--GENRE/FORM | |
| Form subdivision | |
| -- | 34232 |
| 700 1# - ADDED ENTRY--PERSONAL NAME | |
| Personal name | Pevehouse, Jon C. |
| 9 (RLIN) | 37038 |
| 942 ## - ADDED ENTRY ELEMENTS (KOHA) | |
| Source of classification or shelving scheme | Dewey Decimal Classification |
| Call number prefix | 327 GOL |
| Withdrawn status | Item status | Source of classification or shelving scheme | Damaged status | Not for loan | Vendor | Home library | Current library | Shelving location | Date acquired | Source of acquisition | Cost, normal purchase price | Serial Enumeration / chronology | Total Checkouts | Total Renewals | Full call number | Barcode | Date last seen | Date last borrowed | Cost, replacement price | Koha item type |
|---|---|---|---|---|---|---|---|---|---|---|---|---|---|---|---|---|---|---|---|---|
| Dewey Decimal Classification | Baccah | Central Library | Central Library | First floor | 23/12/2014 | 842.00 | 21201 | 3 | 9 | 327 GOL | 000037240 | 15/07/2025 | 01/06/2017 | 1053.00 | Book - Borrowing |